| 000 | 01448nam1a2200289 i 4500 | ||
|---|---|---|---|
| 001 | RU\NLR\bibl\2061931 | ||
| 005 | 20260407114247.0 | ||
| 035 | _a(NLR Aleph) 002048637 | ||
| 090 |
_a4630761 _c4630761 |
||
| 100 | _a20130812g20139999u y0rusy50 ca | ||
| 101 | 0 | _arus | |
| 102 | _aRU | ||
| 105 | _a||||z ||||| | ||
| 200 | 1 |
_aРуководство по экспертизе лекарственных средств _fМ-во здравоохранения Рос. Федерации, Федер. гос. бюджет. учреждение "Науч. центр экспертизы средств мед. применения" _g[редкол.: проф. Борисевич И.В. и др.] |
|
| 210 |
_aМосква _cГриф и К _d2013 |
||
| 215 | _d24 | ||
| 463 | 0 | _10012055502 | |
| 463 | 0 | _10012055495 | |
| 606 | 1 |
_aФармацевтические препараты _jРуководства, пособия и т.п. _xЭкспертиза _92470181 _3RU\NLR\auth\661467177 |
|
| 686 | _aР282.4я7 | ||
| 702 | 1 |
_4340 _8rus _7ca _aБорисевич _bИ. В. _f1963- _gИгорь Владимирович _3RU\NLR\auth\77101016 _983942 |
|
| 712 | 0 | 2 |
_4570 _aНаучный центр экспертизы средств медицинского применения _cМосква _3RU\NLR\AUTH\8810066270 _9634164 |
| 801 | 0 |
_aRU _bNLR _c20130812 _gRCR |
|
| 801 | 1 |
_aRU _bNLR _c20130812 |
|
| 852 |
_aNLR _j2013-7/3738 |
||
| 942 | _cBOOK | ||